000 00576nam a2200205Ia 4500
005 20250923145342.0
008 008 250917s9999 xx 000 0 eng d
037 _aTextual
040 _aDSWL
_beng
_cDSWL
041 _aeng
_2eng
084 _aY
_qDSWL
245 0 _aResistance through rituals: Youth subcultural in post-war Britain
_cEd. by S. Hall
260 _aLondon
_bHutchinson & Co.
_c1975
300 _a287p.
365 _aINR
_b28 . 80
700 _a T. Jefferson
_9834380
925 _g28 . 80
942 _cTEXL
_hY
999 _c1450333
_d1450333